000 01441cam a2200409 a 4500
001 11853739
003 OSt
005 20260423114638.0
008 991202s2000 enka b 001 0 eng
010 _a 99088067
020 _a0335206204
020 _a0335206212
020 _a9780335206209
020 _a9780335206216
035 _a11853739
040 _aDLC
_cIPSTC
_dDLC
042 _apcc
050 0 0 _aHF5549
_b.S654 2000
082 0 0 _a03
100 1 _aSisson, Keith.
245 1 4 _aThe realities of human resource management :
_bmanaging the employment relationship /
_cKeith Sisson and John Storey.
260 _aBuckingham ;
_aPhiladelphia, PA :
_bOpen University Press,
_c2000.
300 _axiv, 286 p. :
_bill. ;
_c23 cm.
336 _atext
_btxt
_2rdacontent
337 _aunmediated
_bn
_2rdamedia
338 _avolume
_bnc
_2rdacarrier
440 0 _aManaging work and organizations series
504 _aIncludes bibliographical references (p. 254-271) and index.
650 0 _aPersonnel management.
650 0 _aStrategic planning.
650 0 _aOrganizational change.
700 1 _aStorey, John,
_d1947-
906 _a7
_bcbc
_corignew
_d1
_eocip
_f19
_gy-gencatlg
942 _2lcc
_cBK
999 _c12537
_d12537